Normal view
MARC view
- حسن، حافظ احمد ؛ دراسة وتحقيق احمد حامد القضاة، دراسة وتحقثق احمد عبد العزيز العيدي؛ ترجمة يارا عمرو محمد اللقطه
Entry Personal Name
001 - CONTROL NUMBER
- control field: 63464
003 - CONTROL NUMBER IDENTIFIER
- control field: JO-AjAnu
005 - DATE AND TIME OF LATEST TRANSACTION
- control field: 20230606084346.0
008 - FIXED-LENGTH DATA ELEMENTS
- fixed length control field: 230606|| aca||aabn | a|a d
040 ## - CATALOGING SOURCE
- Original cataloging agency: JO-AjAnu
- Transcribing agency: JO-AjAnu
100 ## - HEADING--PERSONAL NAME
- Personal name: حسن، حافظ احمد ؛ دراسة وتحقيق احمد حامد القضاة، دراسة وتحقثق احمد عبد العزيز العيدي؛ ترجمة يارا عمرو محمد اللقطه
670 ## - SOURCE DATA FOUND
- Source citation: Work cat.: (JO-AjAnu)32357: حسن، حافظ احمد ؛ دراسة وتحقيق احمد حامد القضاة، دراسة وتحقثق احمد عبد العزيز العيدي؛ ترجمة يارا عمرو محمد اللقطه, author, الحج الى الكعبة والرحلة الى تشارينغ كروس